<?xml version="1.0" encoding="UTF-8"?>
<record
    xmlns:xsi="http://www.w3.org/2001/XMLSchema-instance"
    xsi:schemaLocation="http://www.loc.gov/MARC21/slim http://www.loc.gov/standards/marcxml/schema/MARC21slim.xsd"
    xmlns="http://www.loc.gov/MARC21/slim">

  <leader>00688nam a22002177a 4500</leader>
  <controlfield tag="003">LK-CoDNM</controlfield>
  <controlfield tag="005">20241008090735.0</controlfield>
  <controlfield tag="008">241008b        |||||||| |||| 00| 0 eng d</controlfield>
  <datafield tag="040" ind1=" " ind2=" ">
    <subfield code="a">LK-CoDNM</subfield>
    <subfield code="d">LK-CoDNM</subfield>
    <subfield code="e">LK-CoDNM</subfield>
  </datafield>
  <datafield tag="041" ind1=" " ind2=" ">
    <subfield code="a">sin</subfield>
  </datafield>
  <datafield tag="080" ind1=" " ind2=" ">
    <subfield code="a">105</subfield>
    <subfield code="b">A47</subfield>
  </datafield>
  <datafield tag="100" ind1=" " ind2=" ">
    <subfield code="a">&#xDB0;&#xDB8;&#xDCA;&#xDB8; &#xDC3;&#xD82;&#xD9C;&#xDD3;&#xDAD;&#xDD2;  </subfield>
  </datafield>
  <datafield tag="245" ind1=" " ind2=" ">
    <subfield code="a">&#xDC3;&#xDB6;&#xDCA;&#xDB6;&#xDCF;&#xDC3;&#xDC0;  &#xDC3;&#xDD6;&#xDAD;&#xDCA;&#x200D;&#xDBB;&#xDBA;</subfield>
  </datafield>
  <datafield tag="260" ind1=" " ind2=" ">
    <subfield code="a">&#xDBB;&#xDAD;&#xDCA;&#xDB1;&#xDB4;&#xDD2;&#xDA7;&#xDD2;&#xDBA;</subfield>
    <subfield code="b"> &#xDB8;&#xD9D;&#xDB8;&#xDCF;&#xDB1;&#xDC0;&#xD9A;</subfield>
  </datafield>
  <datafield tag="300" ind1=" " ind2=" ">
    <subfield code="a">18p. : 13 cm</subfield>
  </datafield>
  <datafield tag="650" ind1=" " ind2=" ">
    <subfield code="a">&#xDBB;&#xDAD;&#xDCA;&#xDB1;&#xDB4;&#xDD2;&#xDA7;&#xDD2;&#xDBA;</subfield>
  </datafield>
  <datafield tag="650" ind1=" " ind2=" ">
    <subfield code="a">&#xDC3;&#xDB6;&#xDCA;&#xDB6;&#xDCF;&#xDC3;&#xDC0;  &#xDC3;&#xDD6;&#xDAD;&#xDCA;&#x200D;&#xDBB;&#xDBA;</subfield>
  </datafield>
  <datafield tag="650" ind1=" " ind2=" ">
    <subfield code="a">&#xDB0;&#xDB8;&#xDCA;&#xDB8; &#xDC3;&#xD82;&#xD9C;&#xDD3;&#xDAD;&#xDD2;  &#xDB0;&#xDB8;&#xDCA;&#xDB8; &#xDC3;&#xD82;&#xD9C;&#xDD3;&#xDAD;&#xDD2;  </subfield>
  </datafield>
  <datafield tag="650" ind1=" " ind2=" ">
    <subfield code="a">105A47</subfield>
  </datafield>
  <datafield tag="942" ind1=" " ind2=" ">
    <subfield code="c">BK</subfield>
  </datafield>
  <datafield tag="952" ind1=" " ind2=" ">
    <subfield code="0">0</subfield>
    <subfield code="1">0</subfield>
    <subfield code="4">1</subfield>
    <subfield code="7">0</subfield>
    <subfield code="8">OBC</subfield>
    <subfield code="a">MAIN</subfield>
    <subfield code="b">MAIN</subfield>
    <subfield code="c">REF</subfield>
    <subfield code="d">2024-10-08</subfield>
    <subfield code="l">0</subfield>
    <subfield code="o">105 A47</subfield>
    <subfield code="p">OJP2901-2</subfield>
    <subfield code="r">2024-10-08</subfield>
    <subfield code="w">2024-10-08</subfield>
    <subfield code="y">BK</subfield>
  </datafield>
  <datafield tag="999" ind1=" " ind2=" ">
    <subfield code="c">218148</subfield>
    <subfield code="d">218148</subfield>
  </datafield>
</record>
